Panic At The Disco Victorious Lyrics - Statistics

General Stats
  • This quiz has been taken 98 times
  • The average score is 244 of 302
Answer Stats
Hint Answer % Correct
a
100%
are
97%
to
97%
we
97%
all
96%
Intro Tonight
96%
tonight
96%
victorious
96%
Victorious
96%
glorious
95%
i
95%
disco
94%
do
94%
my
94%
Pre-Chorus My
94%
the
94%
us
94%
champagne
92%
over
92%
queen
92%
were
92%
Verse 1 Double
91%
friends
91%
oh
91%
pouring
90%
it
89%
you
89%
bubble
87%
until
87%
killer
84%
like
84%
be
82%
your
82%
and
81%
is
81%
its
81%
let
81%
me
81%
not
81%
of
81%
feel
78%
black
77%
fourth
77%
guillotine
77%
july
77%
king
77%
up
77%
celebrity
76%
crazy
76%
stops
76%
touch
76%
washed
76%
wine
76%
drink
75%
love
75%
poisonous
75%
turn
75%
water
75%
hurts
73%
fireworks
72%
nothing
72%
shooting
72%
right
71%
im
70%
Verse 2 Im
70%
know
70%
drunk
68%
living
68%
will
68%
kiss
67%
mcqueen
67%
punch
67%
headed
66%
magic
66%
need
66%
as
65%
christmas
65%
in
63%
lights
63%
taste
63%
broken
62%
for
62%
gotta
59%
skin
59%
steve
59%
cool
58%
eyes
57%
murder
56%
fifty
54%
one
54%
spree
54%
them
54%
every
53%
killing
52%
red
52%
words
52%
shark
49%
white
49%
bleed
48%
quick
48%
deep
47%
sleeve
44%
swallow
44%
that
44%
catch
43%
waves
37%
scarf
35%
throw
35%
trick
35%
bait
32%
victrious
1%
victoroius
0%
No matching quizzes found
Score Distribution
Percent of People with Each Score
Percentile by Number Answered
Your Score History
You have not taken this quiz